Az alkoholizmus problémája - Miért isznak a nők?
Elmentve itt :
| Szerző: | |
|---|---|
| További közreműködők: | |
| Dokumentumtípus: | Szakdolgozat |
| Megjelent: |
2000
|
| Tárgyszavak: | |
| Online Access: | http://diploma.bibl.u-szeged.hu/25812 |
| LEADER | 00569nta a2200157 i 4500 | ||
|---|---|---|---|
| 001 | dipl25812 | ||
| 005 | 20130314083711.0 | ||
| 008 | 110908s2000 hu om 0|| zxx d | ||
| 040 | |a SZTE Diploma Repozitórium |b hun | ||
| 041 | |a zxx | ||
| 100 | 1 | |a Szilágyi Andrea | |
| 245 | 1 | 3 | |a Az alkoholizmus problémája - Miért isznak a nők? |h [elektronikus dokumentum] / |c Andrea Szilágyi |
| 260 | |c 2000 | ||
| 650 | 4 | |a Jogi és igazgatási tanulmányok | |
| 700 | 1 | |a Gábor Kálmán |e ths | |
| 856 | 4 | 0 | |u http://diploma.bibl.u-szeged.hu/id/eprint/25812/1/2000_szilagyi_andrea.pdf |z Dokumentum-elérés |